000
00226nam a2200085Ia 4500
245
0
_a
Dress and adornment
100
_a
MAGUBANE, Peter Cape Town, 2001
_9
44130
942
_c
BK
008
210818s9999 xx 000 0 und d
999
_c
471385
_d
471384